000 00621nam a22001817a 4500
999 _c17168
_d17168
003 AR-CdUCM
008 190507b ||||| |||| 00| 0 spa d
040 _aMUNICIPALIDAD PROVINCIAL DEL CUSCO
_cBIBLIOTECA MUNICIPAL DEL CUSCO
082 _a869.54 /
_bM41
100 _awiesse, Maria
_98976
245 _aLa romántica vida de Mariano Melgar /
260 _aLima :
_bP. Barrantes,
_c1939.
300 _a95 páginas ;
_c17 cm.
505 _aArequepay -- Un niño sueña -- La escuela -- Anhelos misticos -- El seminarista -- Vida de hogar ...
650 _aMariano Melgar.
_917098
942 _2ddc
_cLIBROS
945 _awfj